Computer programming. (Record no. 332)
[ view plain ]
| 000 -LEADER | |
|---|---|
| fixed length control field | 00473nam a22001577a 4500 |
| 008 - FIXED-LENGTH DATA ELEMENTS--GENERAL INFORMATION | |
| fixed length control field | 151201b xxu||||| |||| 00| 0 eng d |
| 020 ## - INTERNATIONAL STANDARD BOOK NUMBER | |
| International Standard Book Number | 978-93-5115-229-3 |
| 082 ## - DEWEY DECIMAL CLASSIFICATION NUMBER | |
| Edition number | 2014 |
| Classification number | DC 005.1 |
| Item number | C73 |
| 245 ## - TITLE STATEMENT | |
| Title | Computer programming. |
| 260 ## - PUBLICATION, DISTRIBUTION, ETC. (IMPRINT) | |
| Place of publication, distribution, etc. | UAE: |
| Name of publisher, distributor, etc. | 3G Elearning FZ LLC, |
| Date of publication, distribution, etc. | c2014. |
| 300 ## - PHYSICAL DESCRIPTION | |
| Extent | vi, 300 pages: |
| Other physical details | illustrations; |
| Dimensions | 23 cm. |
| Accompanying material | DVD |
| 500 ## - GENERAL NOTE | |
| General note | Includes bibliography. |
| 650 #0 - SUBJECT ADDED ENTRY--TOPICAL TERM | |
| 9 (RLIN) | 4497 |
| Topical term or geographic name as entry element | Computer programming |
| 650 #0 - SUBJECT ADDED ENTRY--TOPICAL TERM | |
| 9 (RLIN) | 4498 |
| Topical term or geographic name as entry element | Programming languages |
| 942 ## - ADDED ENTRY ELEMENTS (KOHA) | |
| Source of classification or shelving scheme | Dewey Decimal Classification |
| Koha item type | Circulation |
| Withdrawn status | Lost status | Source of classification or shelving scheme | Damaged status | Not for loan | Collection code | Home library | Current library | Shelving location | Date acquired | Source of acquisition | Total Checkouts | Full call number | Barcode | Date last seen | Date last checked out | Copy number | Price effective from | Koha item type |
|---|---|---|---|---|---|---|---|---|---|---|---|---|---|---|---|---|---|---|
| Dewey Decimal Classification | Circulation | UM Digos College - LIC | UM Digos College - LIC | Book Cart | 09/25/2014 | Purchased | 10 | DC 005.1 C73 2014 | 22575 | 05/15/2025 | 09/26/2019 | 2 | 12/01/2015 | Circulation | ||||
| Dewey Decimal Classification | Circulation | UM Digos College - LIC | UM Digos College - LIC | 09/25/2014 | Purchased | 2 | DC 005.1 C73 2014 | 22574 | 05/15/2025 | 01/12/2017 | 1 | 03/29/2016 | Circulation |
